000
00318 a2200145 4500
001
51434
020
_a
040
_c
Anchieta - Pituba
100
_a
Lilian Noguerol
240
1
0
_a
1ª Inglês, I unidade
_l
por
245
1
0
_a
1ª Inglês, I unidade
300
_a
3
650
4
_a
Inglês e inglês antigo
942
_c
BK
999
_c
51434
_d
51434